000 01013nam0a22002531 4500
001 rc\2743904
005 20260407050713.0
035 _a(NLR Aleph) 006871007
090 _a6947259
_c6947259
100 _a20110915d1939 |||y0rusy50 ca
101 0 _arus
102 _aRU
105 _aac z |||||
200 1 _aСлавный путь МОПР Испании
_fПер. и общая ред. И. Ховес
_gОрджоникидзевский крайком МОПР
210 _aВорошиловск
_cОрдожникидзевское краевое изд-во
_d1939
_eПятигорск
215 _a28 с.
_cил., портр.
_d22 см.
702 1 _aХовес
_bИ.
_4340
712 0 2 _aМОПР
_bСекция СССР
_bСтавропольский краев. ком.
_3RU\NLR\AUTH\8810019814
_9537622
712 0 2 _aМОПР
_bСекция Испании
_3RU\NLR\AUTH\8810019570
_9537039
801 0 _aRU
_bNLR
_gpsbo
801 1 _aRU
_bELAR
_2rusmarc
852 _aNLR
_j39-10/665
942 _cBOOK
980 _aNB